UM Logo
Normal view MARC view
  • Gerken, Donna,

Entry Personal Name

Number of records used in: 1

001 - CONTROL NUMBER

  • control field: 45077

003 - CONTROL NUMBER IDENTIFIER

  • control field: OSt

005 - DATE AND TIME OF LATEST TRANSACTION

  • control field: 20220420101406.0

008 - FIXED-LENGTH DATA ELEMENTS

  • fixed length control field: 220420|| aca||aabn | a|a d

040 ## - CATALOGING SOURCE

  • Original cataloging agency: OSt
  • Transcribing agency: OSt

100 ## - HEADING--PERSONAL NAME

  • Personal name: Gerken, Donna,
  • Relator term: author

670 ## - SOURCE DATA FOUND

  • Source citation: Work cat.: (OSt): Miller, Julie, author 45075, College algebra with corequisite support/, 2021.